000 00496nam a2200205Ia 4500
003 OSt
005 20251205103657.0
008 250729s2006 xx 000 0 und d
020 _a978-8171414956
040 _cAL
041 _aeng
082 _a371.9 RAOW
100 _aRao B Digumarti
_9225734
245 _aWomen,education and empowerment
260 _aNew Delhi
_c2006
300 _a439p
650 _aWomen Education
_9225735
700 _aRao Digumurhi
_9225736
942 _2ddc
_cBED
999 _c237053
_d237053